|
|
|
|
| LEADER |
00000nam a2200000 i 4500 |
| 001 |
ELB218344 |
| 003 |
FINmELB |
| 005 |
20230314121057.0 |
| 006 |
m o u |
| 007 |
cr cn||||||||| |
| 008 |
230314s2022 ck a ob 000 0 spa d |
| 020 |
|
|
|a 9789587982367
|q digital
|
| 020 |
|
|
|z 9789587982350
|q impreso
|
| 035 |
|
|
|a (OCoLC)1379806683
|
| 040 |
|
|
|a FINmELB
|b spa
|e rda
|c FINmELB
|
| 050 |
|
4 |
|a TR647
|b .E455 2022
|
| 080 |
|
|
|a 77.03(720)
|
| 082 |
0 |
4 |
|a 779.9972
|2 23
|
| 245 |
0 |
0 |
|a Emiliano Zapata: 100 años, 100 fotos =
|b Emiliano Zapata: 100 years, 100 photographs /
|c Carlos A. Jáuregui, David M. Solodkow, Karina Herazo Ardila (autores compiladores).
|
| 264 |
|
1 |
|a Bogotá :
|b Universidad de los Andes, Facultad de Artes y Humanidades, Ediciones Uniandes ;
|a México :
|b Casasola México,
|c 2022.
|
| 300 |
|
|
|a 1 recurso en línea :
|b ilustraciones
|
| 336 |
|
|
|a texto
|b txt
|2 rdacontent/spa
|
| 337 |
|
|
|a computadora
|b c
|2 rdamedia/spa
|
| 338 |
|
|
|a recurso en línea
|b cr
|2 rdacarrier/spa
|
| 490 |
1 |
|
|a Catálogos
|
| 504 |
|
|
|a Incluye bibliografía.
|
| 588 |
|
|
|a Descripción basada en metadatos suministrados por el editor y otras fuentes.
|
| 590 |
|
|
|a Recurso electrónico. Santa Fe, Arg.: elibro, 2023. Disponible vía World Wide Web. El acceso puede estar limitado para las bibliotecas afiliadas a elibro.
|
| 600 |
1 |
4 |
|a Zapata, Emiliano,
|d 1879-1919
|v Exposiciones
|v Catálogos.
|
| 600 |
1 |
4 |
|a Zapata, Emiliano,
|d 1879-1919
|v Fotografías
|v Exposiciones.
|
| 651 |
|
4 |
|a México
|x Historia
|y Revolución, 1910-1920
|v Exposiciones
|v Catálogos.
|
| 655 |
|
4 |
|a Libros electrónicos.
|
| 700 |
1 |
|
|a Jáuregui, Carlos A.,
|e autor,
|e compilador.
|
| 700 |
1 |
|
|a Solodkow, David Mauricio Adriano,
|e autor,
|e compilador.
|
| 700 |
1 |
|
|a Herazo Ardila, Karina,
|e autor,
|e compilador.
|
| 797 |
2 |
|
|a elibro, Corp.
|
| 830 |
|
0 |
|a Catálogos.
|
| 856 |
4 |
0 |
|u https://elibro.uam.elogim.com/ereader/bidiuam/218344
|z Texto completo
|